مكتبة جامعة عجلون الوطنية

فهرس بحث المكتبة

التحديات التي يواجهها المعلمون في تعليم الطلبة ذوي صعوبات التعلم في الصفوف الدامجة = The Challenges Faced by Teachers in Teaching Students with Learning Disabilities in Inclusive Classes (Record no. 33983)

MARC details
000 -LEADER
fixed length control field 01041nam a22001937a 4500
003 - CONTROL NUMBER IDENTIFIER
control field JO-AjAnu
005 - DATE AND TIME OF LATEST TRANSACTION
control field 20250923140523.0
008 - FIXED-LENGTH DATA ELEMENTS--GENERAL INFORMATION
fixed length control field 250923b jo ||||| |||| 00| 0 ara d
040 ## - CATALOGING SOURCE
Original cataloging agency anu
Transcribing agency JO-AjAnu
041 ## - LANGUAGE CODE
Language code of original ara
100 ## - MAIN ENTRY--PERSONAL NAME
Personal name العزي، رنا خالد عوض
Relator term معد
9 (RLIN) 66656
245 ## - TITLE STATEMENT
Title التحديات التي يواجهها المعلمون في تعليم الطلبة ذوي صعوبات التعلم في الصفوف الدامجة = The Challenges Faced by Teachers in Teaching Students with Learning Disabilities in Inclusive Classes
Statement of responsibility, etc. / اعداد رنا خالد عوض العزي؛ اشراف ريم عبدالله الكناني
260 ## - PUBLICATION, DISTRIBUTION, ETC.
Date of publication, distribution, etc. 2025
300 ## - PHYSICAL DESCRIPTION
Extent 90 ورقة
500 ## - GENERAL NOTE
General note رسالة جامعية (رسالة ماجستير في التربية الخاصة) كلية العلوم التربوية / جامعة عجلون الوطنية؛ 2025
650 ## - SUBJECT ADDED ENTRY--TOPICAL TERM
Form subdivision صعوبات التعلم-المعلمون
700 ## - ADDED ENTRY--PERSONAL NAME
Personal name الكناني، ريم عبدالله
Relator term مشرف
9 (RLIN) 64923
942 ## - ADDED ENTRY ELEMENTS (KOHA)
Source of classification or shelving scheme Library of Congress Classification
Koha item type Thesis
Suppress in OPAC No
Holdings
Withdrawn status Lost status Source of classification or shelving scheme Damaged status Not for loan Home library Current library Date acquired Total Checkouts Full call number Barcode Date last seen Price effective from Koha item type
    Library of Congress Classification     مكتبة جامعة عجلون الوطنية مكتبة جامعة عجلون الوطنية 23/09/2025   LC4704.2025 A30344 23/09/2025 23/09/2025 Thesis
    Library of Congress Classification     مكتبة جامعة عجلون الوطنية مكتبة جامعة عجلون الوطنية 23/09/2025   LC4704.2025 A30343 23/09/2025 23/09/2025 Thesis